000 00470nam a2200181Ia 4500
005 20250326125444.0
008 250326s9999 xx 000 0 und d
037 _aTextbook
040 _aFMSL
_beng
_cFMSL
041 _aeng
_2eng
084 _aY:7 L1
_qFMSL
100 _aBuckhout R
_9739119
245 0 _aToward social change
_cBuckhout R
260 _aNY
_bNY, Harper & Row
_c1971
300 _a480p
942 _cTB
_hY:7 L1
999 _c1278141
_d1278141